000 00345cam a2200145ua 4500
041 _ahin
_h
082 _a891.54
_bDEE/VI
100 _aDeerechandra, Varma .
245 _aVichar dhara /
_cDeerchandra.
_hTextual Documents
260 _a :
_bSahitya Bhawan ,
_c1956.
300 _a206 ; .
504 _a
942 _cBK
999 _c12072
_d12072